[Event "Titled Tuesday intern op 13th Feb Early"]
[Site "Chess.com INT"]
[Date "2024.02.13"]
[Round "1"]
[White "Mogirzan, Matei Valeriu"]
[Black "Haug, Havard"]
[Result "0-1"]
[WhiteElo "1883"]
[BlackElo "2322"]
[PlyCount "80"]
[EventDate "2024.02.13"]
[EventType "swiss (blitz)"]
[EventRounds "11"]
[EventCountry "USA"]
[SourceTitle "CB08_2024"]
[SourceDate "2024.02.21"]
[SourceVersion "1"]
[SourceVersionDate "2024.02.21"]
[SourceQuality "1"]

1. e4 c6 2. d4 d5 3. Nc3 dxe4 4. Nxe4 Nf6 5. Nxf6+ exf6 6. Bd3 Qxd4 7. Nf3 Qd8 8. Qe2+ Be7 9. Be3 0-0 10. 0-0-0 Qa5 11. Kb1 Be6 12. b3 Na6 13. Bxa6 Qxa6 14. Qxa6 bxa6 15. Nd4 Bd5 16. f3 Rfc8 17. c4 Be6 18. Nxe6 fxe6 19. Rd7 Bf8 20. Bxa7 e5 21. Rhd1 Re8 22. Bb6 e4 23. fxe4 Rxe4 24. R1d2 h6 25. c5 a5 26. Rc7 a4 27. Rxc6 Re1+ 28. Kb2 a3+ 29. Kc3 Rc1+ 30. Kb4 Rb8 31. Kb5 Rb1 32. b4 Rb2 33. Rd7 Rxa2 34. Ra7 Re8 35. Rcc7 Re4 36. c6 Rxb4+ 37. Ka6 Rab2 38. Rd7 Rxb6+ 39. Ka5 a2 40. c7 a1R# 0-1

[Event "Titled Tuesday intern op 13th Feb Early"]
[Site "Chess.com INT"]
[Date "2024.02.13"]
[Round "4"]
[White "Mogirzan, Matei Valeriu"]
[Black "Prohaszka, Peter"]
[Result "0-1"]
[WhiteElo "1883"]
[BlackElo "2578"]
[PlyCount "40"]
[EventDate "2024.02.13"]
[EventType "swiss (blitz)"]
[EventRounds "11"]
[EventCountry "USA"]
[SourceTitle "CB08_2024"]
[SourceDate "2024.02.21"]
[SourceVersion "1"]
[SourceVersionDate "2024.02.21"]
[SourceQuality "1"]

1. e4 c6 2. a4 d5 3. c4 dxe4 4. Nc3 Nf6 5. f3 Bf5 6. a5 Na6 7. fxe4 Nxe4 8. Nf3 Nb4 9. Qb3 e6 10. d4 Nxc3 11. bxc3 Nc2+ 12. Kf2 Nxa1 13. Qxb7 Rc8 14. c5 Be7 15. Bf4 0-0 16. Ba6 Nc2 17. Rc1 h6 18. Ne5 Qxa5 19. g4 Be4 20. Bd2 Rc7 0-1

[Event "Titled Tuesday intern op 15th Aug Early"]
[Site "Chess.com INT"]
[Date "2023.08.15"]
[Round "4"]
[White "Mogirzan, Matei Valeriu"]
[Black "Rustemov, Alexander"]
[Result "0-1"]
[WhiteElo "1813"]
[BlackElo "2525"]
[PlyCount "76"]
[EventDate "2023.08.15"]
[EventType "swiss (blitz)"]
[EventRounds "11"]
[EventCountry "USA"]
[SourceTitle "EXT 2024"]
[Source "ChessBase"]
[SourceDate "2023.10.10"]
[SourceVersion "1"]
[SourceVersionDate "2023.10.10"]
[SourceQuality "1"]

1. e4 e6 2. d4 d5 3. Nd2 dxe4 4. Nxe4 Bd7 5. Nf3 Bc6 6. Neg5 Nd7 7. Bd3 Ngf6 8. Qe2 Qe7 9. c4 h6 10. Ne4 Nxe4 11. Bxe4 Bxe4 12. Qxe4 0-0-0 13. 0-0 g5 14. c5 c6 15. b4 Bg7 16. Rb1 f5 17. Qe2 g4 18. b5 gxf3 19. Qxf3 cxb5 20. Rxb5 Nb8 21. Bf4 Nc6 22. Rfb1 Nxd4 23. Qxb7+ Qxb7 24. Rxb7 Ne2+ 25. Kh1 Nxf4 26. Rxg7 Rd7 27. Rg3 Kc7 28. Rgb3 Kc6 29. g3 Nd5 30. Ra3 Kxc5 31. Ra6 Re8 32. Rc1+ Kd4 33. f4 Rb7 34. Rd1+ Ke3 35. Ra3+ Ke2 36. Rad3 Rb2 37. g4 Ne3 38. R1d2+ Rxd2 0-1

[Event "Titled Tuesday intern op 15th Aug Early"]
[Site "Chess.com INT"]
[Date "2023.08.15"]
[Round "11"]
[White "Prohaszka, Peter"]
[Black "Mogirzan, Matei Valeriu"]
[Result "0-1"]
[WhiteElo "2581"]
[BlackElo "1813"]
[PlyCount "56"]
[EventDate "2023.08.15"]
[EventType "swiss (blitz)"]
[EventRounds "11"]
[EventCountry "USA"]
[SourceTitle "EXT 2024"]
[Source "ChessBase"]
[SourceDate "2023.10.10"]
[SourceVersion "1"]
[SourceVersionDate "2023.10.10"]
[SourceQuality "1"]

1. e4 d6 2. d4 a6 3. a4 g6 4. Nc3 Bg7 5. h4 h6 6. h5 g5 7. f4 gxf4 8. Bxf4 c5 9. dxc5 Qa5 10. cxd6 Bxc3+ 11. bxc3 Qxc3+ 12. Bd2 Qg3+ 13. Ke2 Nc6 14. Nf3 Bg4 15. Bc3 Nf6 16. Qd3 0-0-0 17. Qe3 Rxd6 18. Be1 Qe5 19. Kf2 Qxa1 20. e5 Bxf3 21. exf6 Bd5 22. Bc3 Qxa4 23. g3 Qxc2+ 24. Kg1 Bxh1 25. fxe7 Re8 26. Bh3+ f5 27. Qc5 Rd1+ 28. Bf1 Qg2# 0-1

[Event "Titled Tuesday intern op 18th Jul Early"]
[Site "Chess.com INT"]
[Date "2023.07.18"]
[Round "11"]
[White "Mogirzan, Matei Valeriu"]
[Black "Begunov, Konstantin"]
[Result "1-0"]
[WhiteElo "1813"]
[BlackElo "2325"]
[PlyCount "51"]
[EventDate "2023.07.18"]
[EventType "swiss (blitz)"]
[EventRounds "11"]
[EventCountry "USA"]
[SourceTitle "EXT 2024"]
[Source "ChessBase"]
[SourceDate "2023.10.10"]
[SourceVersion "1"]
[SourceVersionDate "2023.10.10"]
[SourceQuality "1"]

1. e4 c5 2. Nf3 d6 3. d4 cxd4 4. Nxd4 Nf6 5. Nc3 a6 6. Bc4 e6 7. Bb3 Be7 8. g4 h6 9. Be3 Nc6 10. f3 Na5 11. Qe2 Nxb3 12. axb3 Nd7 13. 0-0-0 Qc7 14. Nf5 exf5 15. Nd5 Qd8 16. gxf5 Nf6 17. Bb6 Nxd5 18. Bxd8 Nf4 19. Qd2 Kxd8 20. h4 Nh5 21. e5 Bxf5 22. exd6 Bf6 23. Qa5+ Ke8 24. Qxf5 Ng3 25. Rhe1+ Kf8 26. Qg4 1-0

[Event "Titled Tuesday intern op 18th Jul Early"]
[Site "Chess.com INT"]
[Date "2023.07.18"]
[Round "3"]
[White "Weetik, Vjacheslav"]
[Black "Mogirzan, Matei Valeriu"]
[Result "0-1"]
[WhiteElo "2423"]
[BlackElo "1813"]
[PlyCount "124"]
[EventDate "2023.07.18"]
[EventType "swiss (blitz)"]
[EventRounds "11"]
[EventCountry "USA"]
[SourceTitle "EXT 2024"]
[Source "ChessBase"]
[SourceDate "2023.10.10"]
[SourceVersion "1"]
[SourceVersionDate "2023.10.10"]
[SourceQuality "1"]

1. d4 c6 2. c4 d5 3. Nf3 Nf6 4. g3 e6 5. Bg2 Bd6 6. 0-0 Ne4 7. Nfd2 f5 8. f3 Nf6 9. e4 dxe4 10. fxe4 e5 11. c5 Bc7 12. Nc4 exd4 13. e5 Ng4 14. Nd6+ Bxd6 15. exd6 Qf6 16. Re1+ Kf8 17. Qe2 Bd7 18. h3 Nh6 19. Bxh6 gxh6 20. Qe7+ Qxe7 21. Rxe7 Rg8 22. Kf2 Rg7 23. Re5 Na6 24. Nd2 Nb4 25. Bf1 f4 26. g4 h5 27. g5 Bxh3 28. Nf3 Bxf1 29. Kxf1 Rf7 30. Rd1 Nd5 31. Rxd4 Ne3+ 32. Kf2 Re8 33. Rxe8+ Kxe8 34. Re4+ Kf8 35. Ke2 Nf5 36. Kf2 Ng3 37. Re1 Nf5 38. Ne5 Rg7 39. g6 hxg6 40. d7 Ke7 41. Rd1 Kd8 42. Rd3 Ne3 43. Kf3 Ng4 44. Nxg4 hxg4+ 45. Kxg4 Rxd7 46. Rf3 Rd4 47. Kg5 Rd5+ 48. Kxg6 Rxc5 49. Rxf4 Rc2 50. Rb4 Kc7 51. Kf5 a5 52. Rb3 a4 53. Rb4 b5 54. Ke4 Kb6 55. Kd3 Rh2 56. Kc3 c5 57. Rg4 Ka5 58. b4+ cxb4+ 59. Kd3 Rxa2 60. Rg8 b3 61. Kc3 Rc2+ 62. Kd3 Kb4 0-1

[Event "Titled Tuesday intern op 11th Jul Early"]
[Site "Chess.com INT"]
[Date "2023.07.11"]
[Round "9"]
[White "Mogirzan, Matei Valeriu"]
[Black "Nunez V, Gustavo Eduardo"]
[Result "0-1"]
[WhiteElo "1813"]
[BlackElo "2226"]
[PlyCount "42"]
[EventDate "2023.07.11"]
[EventType "swiss (blitz)"]
[EventRounds "11"]
[EventCountry "USA"]
[SourceTitle "EXT 2024"]
[Source "ChessBase"]
[SourceDate "2023.10.10"]
[SourceVersion "1"]
[SourceVersionDate "2023.10.10"]
[SourceQuality "1"]

1. e4 c5 2. Nf3 Nc6 3. d4 cxd4 4. Nxd4 e5 5. Nb5 a6 6. Nd6+ Bxd6 7. Qxd6 Qf6 8. Qc7 Nge7 9. Nc3 Nb4 10. Bd3 d5 11. h4 h6 12. f4 exf4 13. Bxf4 Nxd3+ 14. cxd3 0-0 15. 0-0-0 dxe4 16. dxe4 Bg4 17. Rdf1 Rac8 18. Qxb7 Be2 19. Bg5 Rxc3+ 20. bxc3 Qxc3+ 21. Kb1 Bd3# 0-1

[Event "Titled Tuesday intern op 13th Jun Early"]
[Site "Chess.com INT"]
[Date "2023.06.13"]
[Round "3"]
[White "Mogirzan, Matei Valeriu"]
[Black "Vlassov, Nikolai"]
[Result "1-0"]
[WhiteElo "1813"]
[BlackElo "2283"]
[PlyCount "65"]
[EventDate "2023.06.13"]
[EventType "swiss (blitz)"]
[EventRounds "11"]
[EventCountry "USA"]
[SourceTitle "EXT 2024"]
[Source "ChessBase"]
[SourceDate "2023.10.10"]
[SourceVersion "1"]
[SourceVersionDate "2023.10.10"]
[SourceQuality "1"]

1. e4 Nc6 2. Nf3 d5 3. exd5 Qxd5 4. Nc3 Qa5 5. b4 Qxb4 6. Rb1 Qd6 7. d4 a6 8. d5 Ne5 9. Ne4 Nxf3+ 10. gxf3 Qg6 11. Bf4 Nf6 12. Ng3 Bf5 13. Rxb7 e5 14. Bxe5 Bc5 15. h4 0-0 16. h5 Nxh5 17. Rxh5 Bxc2 18. Qd2 Rfe8 19. Be2 Ba4 20. Rxc7 Qb1+ 21. Bd1 f6 22. Rxc5 fxe5 23. Rc1 Qb5 24. Bxa4 Qxa4 25. Rg5 e4 26. fxe4 Rxe4+ 27. Nxe4 Qxe4+ 28. Qe3 Qh1+ 29. Ke2 Qh4 30. Rc7 g6 31. Qe6+ Kh8 32. Qf6+ Kg8 33. Qg7# 1-0

[Event "Titled Tuesday intern op 06th Jun Early"]
[Site "Chess.com INT"]
[Date "2023.06.06"]
[Round "10"]
[White "Baches Garcia, Guillermo"]
[Black "Mogirzan, Matei Valeriu"]
[Result "0-1"]
[WhiteElo "2327"]
[BlackElo "1813"]
[PlyCount "50"]
[EventDate "2023.06.06"]
[EventType "swiss (blitz)"]
[EventRounds "11"]
[EventCountry "USA"]
[SourceTitle "EXT 2024"]
[Source "ChessBase"]
[SourceDate "2023.10.10"]
[SourceVersion "1"]
[SourceVersionDate "2023.10.10"]
[SourceQuality "1"]

1. e4 e5 2. Nf3 Nf6 3. Nc3 Bc5 4. Nxe5 Nc6 5. d4 Bxd4 6. Nxc6 dxc6 7. Bd3 Ng4 8. Be3 Nxe3 9. fxe3 Bxe3 10. Qf3 Qg5 11. h4 Qh6 12. g4 Qf4 13. Qxf4 Bxf4 14. g5 Be6 15. Ne2 Be5 16. c3 0-0-0 17. 0-0-0 Bxa2 18. Kc2 Be6 19. Ra1 a6 20. b4 Rd7 21. Ra5 f6 22. Nc1 Rhd8 23. Rd1 Bf4 24. Be2 Rxd1 25. Bxd1 Rd2+ 0-1

[Event "Titled Tuesday intern op 06th Jun Early"]
[Site "Chess.com INT"]
[Date "2023.06.06"]
[Round "6"]
[White "Mogirzan, Matei Valeriu"]
[Black "Aloma Vidal, Roberto"]
[Result "1-0"]
[WhiteElo "1813"]
[BlackElo "2437"]
[PlyCount "109"]
[EventDate "2023.06.06"]
[EventType "swiss (blitz)"]
[EventRounds "11"]
[EventCountry "USA"]
[SourceTitle "EXT 2024"]
[Source "ChessBase"]
[SourceDate "2023.10.10"]
[SourceVersion "1"]
[SourceVersionDate "2023.10.10"]
[SourceQuality "1"]

1. e4 e5 2. Nf3 Nf6 3. Nc3 Nc6 4. Nd5 Nxe4 5. Qe2 Nc5 6. d4 Ne6 7. dxe5 d6 8. Bg5 Qd7 9. 0-0-0 Nxg5 10. exd6+ Ne6 11. Nxc7+ Kd8 12. Ne5 Nxe5 13. Qxe5 f6 14. Qg3 Qa4 15. Bb5 Qf4+ 16. Qxf4 Nxf4 17. d7 Rb8 18. Rhe1 Be7 19. dxc8R+ Kxc8 20. Rxe7 a6 21. Ba4 b5 22. Bb3 Rb6 23. Nd5 Nxd5 24. Bxd5 g5 25. Ree1 h5 26. Be6+ Kb8 27. f3 h4 28. h3 Re8 29. Bf5 Rf8 30. Rd7 b4 31. Red1 Rb5 32. Be4 a5 33. Rd8+ Rxd8 34. Rxd8+ Kc7 35. Rd5 Rb6 36. Rxa5 Kd6 37. Rd5+ Ke6 38. b3 Ra6 39. Kb2 Ra7 40. Rb5 Rc7 41. Bf5+ Kd6 42. Rxb4 Ke5 43. Be4 Rc5 44. a4 f5 45. Bxf5 Kf6 46. Rb6+ Ke7 47. Be4 Re5 48. b4 Kd7 49. a5 Kc7 50. Rb7+ Kc8 51. a6 Re6 52. Bf5 Kd8 53. Bxe6 g4 54. a7 Ke8 55. a8R# 1-0

[Event "Titled Tuesday intern op 06th Jun Early"]
[Site "Chess.com INT"]
[Date "2023.06.06"]
[Round "9"]
[White "Mogirzan, Matei Valeriu"]
[Black "Omelja, Artem"]
[Result "0-1"]
[WhiteElo "1813"]
[BlackElo "2446"]
[PlyCount "46"]
[EventDate "2023.06.06"]
[EventType "swiss (blitz)"]
[EventRounds "11"]
[EventCountry "USA"]
[SourceTitle "EXT 2024"]
[Source "ChessBase"]
[SourceDate "2023.10.10"]
[SourceVersion "1"]
[SourceVersionDate "2023.10.10"]
[SourceQuality "1"]

1. e4 c5 2. Nf3 Nc6 3. d4 cxd4 4. c3 d5 5. exd5 Qxd5 6. cxd4 e6 7. Nc3 Bb4 8. Bd2 Bxc3 9. bxc3 Nf6 10. Bd3 0-0 11. 0-0 h6 12. Qe2 b6 13. Ne5 Bb7 14. f4 Rac8 15. Rf3 Nxd4 16. cxd4 Qxd4+ 17. Be3 Qxa1+ 18. Rf1 Qc3 19. g4 Rfd8 20. Bb1 Ba6 21. Qxa6 Qxe3+ 22. Kh1 Rc1 23. g5 Rxb1 0-1

[Event "Titled Tuesday intern op 06th Jun Early"]
[Site "Chess.com INT"]
[Date "2023.06.06"]
[Round "11"]
[White "Mogirzan, Matei Valeriu"]
[Black "Pullela, Sricharan"]
[Result "1-0"]
[WhiteElo "1813"]
[BlackElo "1996"]
[PlyCount "81"]
[EventDate "2023.06.06"]
[EventType "swiss (blitz)"]
[EventRounds "11"]
[EventCountry "USA"]
[SourceTitle "EXT 2024"]
[Source "ChessBase"]
[SourceDate "2023.10.10"]
[SourceVersion "1"]
[SourceVersionDate "2023.10.10"]
[SourceQuality "1"]

1. e4 c5 2. Nf3 Nc6 3. Bb5 e6 4. 0-0 Nge7 5. Nc3 a6 6. Bxc6 Nxc6 7. d4 cxd4 8. Nxd4 d6 9. Be3 Be7 10. f4 0-0 11. Kh1 Nxd4 12. Bxd4 b5 13. f5 Bb7 14. Qg4 e5 15. Be3 Bf6 16. Rad1 Qc7 17. Nd5 Bxd5 18. Rxd5 Rfd8 19. c3 Qc4 20. Rf3 Qxa2 21. h4 Qxb2 22. Qh5 Rd7 23. Bg5 Qb1+ 24. Kh2 Qxe4 25. Bxf6 gxf6 26. Qh6 Qxf3 27. gxf3 a5 28. Qxf6 Ra6 29. Rd1 Kf8 30. Rg1 a4 31. Rg7 Rc7 32. Rxh7 Ke8 33. Rh8+ Kd7 34. Rd8+ Kc6 35. Rxd6+ Kb7 36. Rxa6 Rxc3 37. Qb6+ Kc8 38. Ra7 Rc2+ 39. Kg3 a3 40. Qb7+ Kd8 41. Qd7# 1-0

[Event "Titled Tuesday intern op 30th May Early"]
[Site "Chess.com INT"]
[Date "2023.05.30"]
[Round "4"]
[White "Raczek, Krzysztof"]
[Black "Mogirzan, Matei Valeriu"]
[Result "1-0"]
[WhiteElo "2158"]
[BlackElo "1813"]
[PlyCount "57"]
[EventDate "2023.05.30"]
[EventType "swiss (blitz)"]
[EventRounds "11"]
[EventCountry "USA"]
[SourceTitle "CBM 214 Extra"]
[Source "ChessBase"]
[SourceDate "2023.07.31"]
[SourceVersion "1"]
[SourceVersionDate "2023.07.31"]
[SourceQuality "1"]

1. c4 Nf6 2. Nc3 c5 3. Nf3 b6 4. g3 Nc6 5. Bg2 Bb7 6. 0-0 g6 7. d4 cxd4 8. Nxd4 Bg7 9. b3 0-0 10. Bb2 Rc8 11. Rc1 Ba8 12. Nd5 Nxd5 13. Bxd5 Nxd4 14. Bxd4 Bxd5 15. Bxg7 Kxg7 16. Qxd5 d6 17. Rfd1 Qc7 18. h4 Qc5 19. Qe4 e6 20. Rc2 b5 21. Rd4 d5 22. Qe5+ f6 23. Qe3 bxc4 24. bxc4 dxc4 25. Rd7+ Rf7 26. Qxe6 Rcf8 27. Rxc4 Qa3 28. Rcc7 Rxd7 29. Qxd7+ 1-0

[Event "Titled Tuesday intern op 30th May Early"]
[Site "Chess.com INT"]
[Date "2023.05.30"]
[Round "1"]
[White "Shuvalova, Polina"]
[Black "Mogirzan, Matei Valeriu"]
[Result "0-1"]
[WhiteElo "2484"]
[BlackElo "1813"]
[PlyCount "164"]
[EventDate "2023.05.30"]
[EventType "swiss (blitz)"]
[EventRounds "11"]
[EventCountry "USA"]
[SourceTitle "CBM 214 Extra"]
[Source "ChessBase"]
[SourceDate "2023.07.31"]
[SourceVersion "1"]
[SourceVersionDate "2023.07.31"]
[SourceQuality "1"]

1. Nf3 Nc6 2. g3 e5 3. d3 f5 4. Bg2 Nf6 5. 0-0 e4 6. dxe4 fxe4 7. Nd4 d5 8. c4 dxc4 9. Nxc6 Qxd1 10. Rxd1 bxc6 11. Nd2 Bf5 12. Nxc4 Bc5 13. Be3 Bxe3 14. Nxe3 Be6 15. b3 Rd8 16. Rac1 Rxd1+ 17. Nxd1 Bd5 18. Nc3 Kd7 19. e3 h5 20. h3 Rc8 21. Kf1 Ke6 22. Ke2 g5 23. Na4 Nd7 24. Nc5+ Nxc5 25. Rxc5 Kd6 26. Ra5 Ra8 27. Kd2 c5 28. Bf1 c6 29. Be2 Be6 30. h4 g4 31. Bd1 Rf8 32. Ke1 Rf7 33. Bc2 Bd5 34. Ra4 Re7 35. Ra5 Rb7 36. Kd2 Rf7 37. Ke1 Rb7 38. Ra4 Re7 39. Ke2 Ke5 40. Bd1 Kd6 41. Kd2 Rf7 42. Ke1 Rb7 43. Be2 Re7 44. Bc4 Rb7 45. Ba6 Rc7 46. Kd2 Re7 47. Bc8 Rf7 48. Ke2 Rf8 49. Bb7 Rf7 50. Ba6 Rc7 51. Bc4 Re7 52. a3 Rb7 53. Kd2 Bxc4 54. Rxc4 Rxb3 55. Rxe4 Rb2+ 56. Ke1 Ra2 57. Ra4 c4 58. Rxc4 Rxa3 59. Rf4 a5 60. Rf5 c5 61. Rxh5 c4 62. Kd2 Ra2+ 63. Kc3 Rxf2 64. Rg5 Rf3 65. Rxg4 Rxe3+ 66. Kxc4 a4 67. Kd4 Rb3 68. Rg6+ Ke7 69. Ke4 a3 70. Kf4 Rb4+ 71. Kg5 Ra4 72. Rc6 a2 73. Rc1 a1Q 74. Rxa1 Rxa1 75. h5 Kf7 76. g4 Kg7 77. Kh4 Ra4 78. Kg5 Ra5+ 79. Kh4 Kh6 80. Kg3 Kg5 81. Kf3 Ra3+ 82. Kg2 Kxg4 0-1

[Event "Titled Tuesday intern op 23rd May Early"]
[Site "Chess.com INT"]
[Date "2023.05.23"]
[Round "4"]
[White "Mogirzan, Matei Valeriu"]
[Black "Jia, Haoxiang"]
[Result "0-1"]
[WhiteElo "1813"]
[BlackElo "2331"]
[PlyCount "64"]
[EventDate "2023.05.23"]
[EventType "swiss (blitz)"]
[EventRounds "11"]
[EventCountry "USA"]
[SourceTitle "CBM 214 Extra"]
[Source "ChessBase"]
[SourceDate "2023.07.31"]
[SourceVersion "1"]
[SourceVersionDate "2023.07.31"]
[SourceQuality "1"]

1. e4 c5 2. Nf3 d6 3. d4 cxd4 4. Nxd4 Nf6 5. Nc3 g6 6. Bc4 Bg7 7. f3 0-0 8. Be3 Nc6 9. Qd2 Bd7 10. 0-0-0 Rc8 11. Bb3 Ne5 12. h4 h5 13. g4 hxg4 14. Rdg1 Nc4 15. Bxc4 Rxc4 16. h5 Nxh5 17. fxg4 Nf6 18. Bh6 Rxd4 19. Qxd4 Bxh6+ 20. Rxh6 Qb6 21. Qd1 Qe3+ 22. Kb1 Qxh6 23. g5 Qg7 24. gxf6 Qxf6 25. Nd5 Qe5 26. Qd2 Kg7 27. Rg5 Qxe4 28. a3 e5 29. Ne3 Be6 30. Nf1 Qf3 31. Ng3 Rh8 32. Qxd6 Rh1+ 0-1

[Event "Titled Tuesday intern op 16th May Early"]
[Site "Chess.com INT"]
[Date "2023.05.16"]
[Round "3"]
[White "Glashausser, Sho"]
[Black "Mogirzan, Matei Valeriu"]
[Result "1-0"]
[WhiteElo "1978"]
[BlackElo "1813"]
[PlyCount "63"]
[EventDate "2023.05.16"]
[EventType "swiss (blitz)"]
[EventRounds "11"]
[EventCountry "USA"]
[SourceTitle "CBM 214 Extra"]
[Source "ChessBase"]
[SourceDate "2023.07.31"]
[SourceVersion "1"]
[SourceVersionDate "2023.07.31"]
[SourceQuality "1"]

1. Nf3 Nc6 2. d4 Nf6 3. d5 Nb8 4. c4 d6 5. Nc3 g6 6. e4 Bg7 7. Be3 Bg4 8. Be2 Bxf3 9. Bxf3 0-0 10. h4 Nfd7 11. h5 e5 12. Qd2 f5 13. hxg6 f4 14. Bg4 h6 15. Be6+ Kh8 16. 0-0-0 Qg5 17. Nb5 fxe3 18. fxe3 Na6 19. Bxd7 Qxg6 20. Bf5 Qg5 21. g4 Rad8 22. Rh5 Qe7 23. g5 c6 24. Nc3 cxd5 25. Nxd5 Qf7 26. Rdh1 Rc8 27. Bxc8 Rxc8 28. b3 b5 29. gxh6 Bf8 30. Rf5 Qg6 31. Qf2 Bxh6 32. Rf6 1-0

[Event "Titled Tuesday intern op 02nd May Early"]
[Site "Chess.com INT"]
[Date "2023.05.02"]
[Round "9"]
[White "Mogirzan, Matei Valeriu"]
[Black "Begunov, Konstantin"]
[Result "1-0"]
[WhiteElo "1813"]
[BlackElo "2325"]
[PlyCount "73"]
[EventDate "2023.05.02"]
[EventType "swiss (blitz)"]
[EventRounds "11"]
[EventCountry "USA"]
[SourceTitle "EXT 2024"]
[Source "ChessBase"]
[SourceDate "2023.10.10"]
[SourceVersion "1"]
[SourceVersionDate "2023.10.10"]
[SourceQuality "1"]

1. e4 c5 2. Nf3 d6 3. d4 cxd4 4. Nxd4 Nf6 5. Nc3 a6 6. Bc4 e6 7. Bb3 Be7 8. g4 h6 9. Be3 Nc6 10. f3 d5 11. Qe2 Nxd4 12. Bxd4 dxe4 13. 0-0-0 exf3 14. Qxf3 Qa5 15. Rhe1 0-0 16. Re5 Qc7 17. g5 Bd6 18. gxf6 Bxe5 19. Qg4 g6 20. Qh4 Bf4+ 21. Kb1 e5 22. Nd5 Qd6 23. Nxf4 exd4 24. Nd5 Kh7 25. Rxd4 Be6 26. c4 b5 27. a3 bxc4 28. Bxc4 Rac8 29. Ne3 Qe5 30. Re4 Qg5 31. Qxg5 hxg5 32. Bxe6 fxe6 33. Rxe6 Rf7 34. Ng4 a5 35. Ne5 Rb7 36. f7 Rf8 37. Rxg6 1-0

[Event "Titled Tuesday intern op 02nd May Early"]
[Site "Chess.com INT"]
[Date "2023.05.02"]
[Round "1"]
[White "Mogirzan, Matei Valeriu"]
[Black "Piesik, Piotr"]
[Result "1-0"]
[WhiteElo "1813"]
[BlackElo "2426"]
[PlyCount "37"]
[EventDate "2023.05.02"]
[EventType "swiss (blitz)"]
[EventRounds "11"]
[EventCountry "USA"]
[SourceTitle "EXT 2024"]
[Source "ChessBase"]
[SourceDate "2023.10.10"]
[SourceVersion "1"]
[SourceVersionDate "2023.10.10"]
[SourceQuality "1"]

1. e4 g6 2. d4 Bg7 3. Nc3 c6 4. e5 d6 5. f4 Nh6 6. Nf3 Bg4 7. h3 Bxf3 8. Qxf3 Nf5 9. Be3 dxe5 10. dxe5 Nxe3 11. Qxe3 0-0 12. h4 h5 13. g4 hxg4 14. h5 gxh5 15. Rxh5 Qb6 16. Qe4 Rd8 17. Bd3 Qxb2 18. Rh8+ Bxh8 19. Qh7+ 1-0

[Event "Titled Tuesday intern op 02nd May Early"]
[Site "Chess.com INT"]
[Date "2023.05.02"]
[Round "7"]
[White "Mogirzan, Matei Valeriu"]
[Black "Ronka, Erik"]
[Result "0-1"]
[WhiteElo "1813"]
[BlackElo "2276"]
[PlyCount "100"]
[EventDate "2023.05.02"]
[EventType "swiss (blitz)"]
[EventRounds "11"]
[EventCountry "USA"]
[SourceTitle "EXT 2024"]
[Source "ChessBase"]
[SourceDate "2023.10.10"]
[SourceVersion "1"]
[SourceVersionDate "2023.10.10"]
[SourceQuality "1"]

1. e4 a6 2. d4 c5 3. dxc5 e6 4. Be3 Qc7 5. b4 a5 6. c3 Nf6 7. f3 d6 8. Na3 dxc5 9. Nb5 Qc6 10. Bf4 Na6 11. a4 Bd7 12. bxa5 Be7 13. Nd6+ Bxd6 14. Qxd6 Qxd6 15. Bxd6 0-0-0 16. Bxa6 bxa6 17. e5 Nd5 18. Rb1 Bc6 19. Ne2 Kd7 20. Kf2 f6 21. c4 Nb4 22. Rhd1 Kc8 23. f4 Bxa4 24. Nc3 Bxd1 25. Rxd1 fxe5 26. fxe5 Nc6 27. Na4 Nxe5 28. Nxc5 Nxc4 29. Rc1 Nxd6 30. Nxe6+ Kd7 31. Nxd8 Rxd8 32. Rb1 Nb5 33. Rc1 Rc8 34. Rd1+ Ke7 35. Rd5 Rc3 36. g4 Ra3 37. Rc5 Rxa5 38. g5 Kf7 39. Kg3 Ra3+ 40. Kg4 Ra4+ 41. Kg3 Nd6 42. Rc7+ Kg6 43. h4 Nf5+ 44. Kf3 Nxh4+ 45. Ke3 Nf5+ 46. Kf3 Kxg5 47. Ke2 Ra3 48. Kd2 h5 49. Kc2 h4 50. Kb2 Rg3 0-1